000 00400cam a2200169ua 4500
041 _aeng
_h
082 _a823.301
_bWYM/DR
100 _aWymer, Norman .
245 _aDream /
_cNorman Wymer.
_hTextual Documents
250 _a1 /
_b.
260 _aLondon :
_bUniversity of London Press Ltd ,
_c1967.
300 _a48 ; .
500 _a3.50
504 _a
942 _cBK
999 _c12696
_d12696